Normal view
MARC view
- Haig, Geoffrey
Entry Personal Name
001 - CONTROL NUMBER
- control field: 242655
003 - CONTROL NUMBER IDENTIFIER
- control field: KE-NaSUL
005 - DATE AND TIME OF LATEST TRANSACTION
- control field: 20250827004523.0
008 - FIXED-LENGTH DATA ELEMENTS
- fixed length control field: 250827|| aca||aabn | a|a d
040 ## - CATALOGING SOURCE
- Original cataloging agency: KE-NaSUL
- Transcribing agency: KE-NaSUL
100 ## - HEADING--PERSONAL NAME
- Personal name: Haig, Geoffrey
670 ## - SOURCE DATA FOUND
- Source citation: Work cat.: (KE-NaSUL)242658: Haig, Geoffrey., Alignment change in Iranian languages, 2008.